000 00336 a2200109 4500
001 ART_43941
005 20260410161937.0
008 260409a
245 1 0 _aWhat revolution? the legacy of Keynes
100 1 _aDavidson, Paul
773 0 _tJournal of post Keynesian economics
_g- Vol. 19, NÂș 1 (sep. 1996)
_wREV26226
999 _c29142
_d29142